• 首页
  • 本馆介绍
  • 公告通知
  • 最新文献
  • 馆藏检索
  • 电子资源
  • 读者导购
  • 参考咨询
  • 我的图书馆
  • 登录
  • 详细信息显示
  • 放入我的书架
  • 预约/预借图书
  • 作者相关作品
  • 分类相关作品
  • 丛书相关作品
  • 出版社相关作品

书目信息

  • 表格格式
  • 工作单格式
  • 卡片格式
题名:
煤炭气化技术
    
 
作者: 于遵宏 , 王辅臣 编著
分册:  
出版信息: 北京   化学工业出版社  2010.7
页数: 442页
开本: 24cm
丛书名: 现代煤化工技术丛书
单 册:
中图分类: TQ54
科图分类:
主题词: 煤气化
电子资源:
ISBN: 978-7-122-08836-9
000 01092nam0 22002771 45
001 515
005 20120604093450.17
010    @a978-7-122-08836-9@b精装@dCNY88.00
100    @a20120328d2010 em y0chiy50 ea
101 0  @achi
102    @aCN@b110000
105    @aa z 000yy
106    @ar
200 1  @a煤炭气化技术@AMei Tan Qi Hua Ji Shu@f于遵宏,王辅臣等编著@FYu Zun Hong, Wang Fu Chen Deng Bian Zhu
210    @a北京@c化学工业出版社@d2010.7
215    @a442页@c图@d24cm
225 2  @a现代煤化工技术丛书
300    @a国家973计划项目“煤等含碳固体原料大规模高效清洁气化的基础研究”资助出版“十一五”国家重点图书
330    @a本书包括煤气化过程分析、煤气化过程的物理化学基础、炉内射流与湍流多相流动、湍流混合及其对复杂气化反应的影响、煤的成浆特性及煤浆制备、煤气化过程中的原料输送、气化炉内熔渣流动与沉积、气流床气化过程放大与集成等。
461  0 @12001 @a现代煤化工技术丛书
606 0  @a煤气化
690    @aTQ54@v4
701  0 @a于遵宏@AYu Zun Hong@4编著
701  0 @a王辅臣@AWang Fu Chen@f(1966~)@4编著
801  0 @aCN@bTSTCL@c20120328
905    @b0813776-82@dQ54@e187@f7
    
    煤炭气化技术/于遵宏,王辅臣等编著.-北京:化学工业出版社,2010.7
    442页:图;24cm.-(现代煤化工技术丛书)
    国家973计划项目“煤等含碳固体原料大规模高效清洁气化的基础研究”资助出版“十一五”国家重点图书
    
    ISBN 978-7-122-08836-9(精装):CNY88.00
    本书包括煤气化过程分析、煤气化过程的物理化学基础、炉内射流与湍流多相流动、湍流混合及其对复杂气化反应的影响、煤的成浆特性及煤浆制备、煤气化过程中的原料输送、气化炉内熔渣流动与沉积、气流床气化过程放大与集成等。
●
相关链接 在E读中查询图书 在五车中查询图书 在当当中查询图书 在豆瓣中查询图书


正题名:煤炭气化技术     索取号:Q54/187         预约/预借

序号 登录号 条形码 馆藏地/架位号 状态 备注
1 0813776   208137764   第二样本阅览室/ [索取号:Q54/187] 在馆    
2 0813777   208137773   第三借阅区/ [索取号:Q54/187] 在馆    
3 0813778   208137782   第三借阅区/ [索取号:Q54/187] 在馆    
4 0813779   208137791   第三借阅区/ [索取号:Q54/187] 在馆    
5 0813780   208137808   第三借阅区/ [索取号:Q54/187] 在馆    
6 0813781   208137817   第三借阅区/ [索取号:Q54/187] 在馆    
7 0813782   208137826   第三借阅区/ [索取号:Q54/187] 在馆    
唐山师范学院图书馆 欢迎您!
大连网信软件有限公司© 版权所有